Statistiken für Länder in der Nähe von Dominica

Klicken Sie hier um das Quiz zu spielen!

Allgemein

  • Dieses Quiz wurde 91 mal gespielt
  • Das Durchschnittsergebnis liegt bei 15 aus 20

Antwortstatistiken

KmLand% Korrekt
129St Lucia
95%
277Barbados
92%
204St Vincent und die Grenadinen
92%
804Dominikanische Republik
91%
1128Haiti
89%
439Trinidad und Tobago
89%
201St Kitts und Nevis
88%
154Antigua und Barbuda
87%
298Grenada
85%
1131Suriname
84%
1367Bahamas
83%
757Guyana
83%
500Venezuela
81%
1114Kolumbien
79%
1113Brasilien
75%
27Frankreich
68%
259Niederlande
45%
969Aruba
37%
872Curaçao
27%
313Sint Maarten
17%

Verteilung der Resultate

Perzentil nach korrekt beantworteten Fragen

Anzahl Personen mit jedem Resultat

Ihre Resultats-Entwicklung

Sie haben dieses Quiz noch nicht gespielt